| 000 | 04070cam a22012254i 4500 | ||
|---|---|---|---|
| 003 | PE-LiUPU | ||
| 005 | 20250813185435.0 | ||
| 008 | 191108s2017 sp a rb 000 0 spa d | ||
| 020 | _a8491710973 | ||
| 020 | _a9788491710974 | ||
| 035 | _a(Sirsi) a252681 | ||
| 040 |
_aPE-LiUPU _bspa _cPE-LiUPU _erda |
||
| 049 | _aPRUA | ||
| 082 | 0 | 4 |
_a371 _bI2 _220 |
| 245 | 0 | 0 |
_aInnovación educativa : _binvestigación, formación, vinculación y visibilidad / _cMaría Soledad Ramírez Montoya, Jaime Ricardo Valenzuela González (eds.). |
| 264 | 1 |
_aMadrid : _bSíntesis, _c2017. |
|
| 300 |
_a272 páginas : _bilustraciones ; _c23 centímetros. |
||
| 336 |
_atext _2rdacontent |
||
| 337 |
_aunmediated _2rdamedia |
||
| 338 |
_aunmediated _2rdamedia |
||
| 490 | 0 |
_aColección Síntesis. Psicología-educación ; _v35 |
|
| 504 | _aBibliografía al final de cada capítulo. | ||
| 505 | 0 | _aInvestigación de la innovación -- La innovación como objeto de investigación en educación: problemas, tensiones y experiencias -- Estrategias para investigar la innovación educativa -- Indicadores institucionales para medir la innovación -- Formación para la innovación -- Taxonomía de competencias para la innovación educativa -- Innovación disruptiva, innovación sistemática y procesos de mejora continua... ¿implican distintas competencias por desarrollar? -- Promoción de una cultura de innovación en instituciones educativas -- Vinculación para la innovación -- La importancia de un auténtico trabajo colaborativo para la innovación educativa -- Innovación educativa con grupos multidisciplinarios y multiculturales: retos y soluciones -- Vinculación y universidad-sociedad para la innovación educativa: los casos de laboratorios ciudadanos -- Comunicar la innovación: destinatarios, contenidos, propósitos -- Redes digitales para gestionar la innovación educativa -- Repositorios como soportes para diseminar experiencias de innovación educativa. | |
| 526 | _aP202 | ||
| 526 | _aP201 | ||
| 526 | _aP163 | ||
| 526 | _aP162 | ||
| 526 | _aP161 | ||
| 526 | _aP160 | ||
| 526 | _aP148 | ||
| 526 | _aP147 | ||
| 526 | _aP146 | ||
| 526 | _aP145 | ||
| 526 | _aP144 | ||
| 526 | _aP143 | ||
| 526 | _aP142 | ||
| 526 | _aP141 | ||
| 526 | _aP140 | ||
| 526 | _aP139 | ||
| 526 | _aP138 | ||
| 526 | _aP137 | ||
| 526 | _aP136 | ||
| 526 | _aP135 | ||
| 526 | _aP134 | ||
| 526 | _aP133 | ||
| 526 | _aP129 | ||
| 526 | _aP128 | ||
| 526 | _aP127 | ||
| 526 | _aP120 | ||
| 526 | _aP119 | ||
| 526 | _aP118 | ||
| 526 | _aP116 | ||
| 526 | _aP115 | ||
| 526 | _aP114 | ||
| 526 | _aP110 | ||
| 526 | _aP109 | ||
| 526 | _aP108 | ||
| 526 | _aP104 | ||
| 526 | _aP103 | ||
| 526 | _aP102 | ||
| 526 | _aP99 | ||
| 526 | _aP98 | ||
| 526 | _aP97 | ||
| 526 | _aP96 | ||
| 526 | _aP95 | ||
| 526 | _aP93 | ||
| 526 | _aP90 | ||
| 526 | _aP89 | ||
| 526 | _aP88 | ||
| 526 | _aP83 | ||
| 526 | _aP82 | ||
| 526 | _aP62 | ||
| 526 | _aP59 | ||
| 526 | _aP58 | ||
| 526 | _aP57 | ||
| 526 | _aP51 | ||
| 526 | _aP49 | ||
| 526 | _aP48 | ||
| 526 | _aP47 | ||
| 526 | _aP29 | ||
| 526 | _aP24 | ||
| 526 | _aP20 | ||
| 526 | _aP19 | ||
| 526 | _aP17 | ||
| 526 | _aP15 | ||
| 526 | _aP14 | ||
| 526 | _aP12 | ||
| 526 | _aP10 | ||
| 526 | _aP09 | ||
| 526 | _aP08 | ||
| 526 | _aP07 | ||
| 526 | _aP06 | ||
| 526 | _aP05 | ||
| 526 | _aP04 | ||
| 526 | _aP01 | ||
| 541 | _gF002-0001663; | ||
| 650 | 0 | 7 |
_aInnovaciones educativas. _2lemb _91842 |
| 700 | 1 |
_aValenzuela González, Jaime Ricardo, _eeditor. |
|
| 700 | 1 |
_aRamírez Montoya, María Soledad, _eeditor. |
|
| 910 |
_adbm _bjpc _cjpc _d20191108 |
||
| 942 |
_2ddc _cBOOK |
||
| 994 |
_aC0 _bPEPRU |
||
| 596 | _a1 | ||
| 999 |
_a371 I2 _wDEWEY _c31910 _i80747 _f2021-11-8 _g3 _lCCODEBUL1 _mBUL _p26.00 _r0 _sY _tBOOK _u2019-11-8 _xEDUCACION _PP57 _0COMPRA _1FCOMPR4 _o.STAFF. Colección Ciencias Humanas y Educación _d31910 |
||
| 980 |
_81 _gALBERTO SANCHEZ Responsable de Automatización |
||